000 01015nam0a22003251 4500
001 RU\NLR\A1SV\30699
005 20251203171251.9
035 _a(NLR Aleph) 009714599
090 _a9849524
_c9849524
100 _a20110709d1924 u y0rusy50 ca
101 0 _arus
_ceng
102 _aRU
200 1 _aЦарство короля Угля
_fУ.Синклер
_gПерераб. по У.Синклеру Ярко
210 _a[М.]
_cНовая Москва
_d1924
215 _a248 с.
_d23 см
225 _aБ-ка рабочей молодежи
_eПод общ. ред. МК РЛКСМ
300 _aЗагл. ориг.: King Coal
620 _dМосква
700 1 _6z01790
_aСинклер
_bЭ. Б.
_f1878-1968
_gЭптон Билл
702 1 _aЯрко
790 1 _6z01700
_aСинклер
_bУ.
801 0 _aRU
_bNLR
_c20110709
852 _aNLR
_j16/233
899 _aСамОУНБ
899 _aРГБ
899 _aКирОУНБ
942 _cBOOK
980 _aNB
980 _aA1SV